00992nam a22002297a 450000500170000001000130001702000230003003500130005303700180006604000120008408200270009610000420012324502030016524600730036826000910044127000620053230000210059465000430061565000470065865000250070565000320073020170123164156.0 aB-095034 c240.00a8171433677 aB-095034 bCen Lib / Ret aDPLbPN a850.8bਪਰਮਿੰ aਪਰਮਿੰਰਜੀਤ ਕੌਰ aਦਲੀਪ ਕੌਰ ਟਿਵਾਣਾ ਅਤੇ ਅਜੀਤ ਕੌਰ ਦੇ ਇਸਤਰੀ ਪਾਤਰ :cਪਰਮਿੰਰਜੀਤ ਕੌਰbਤੁਲਨਾਤਮਕ ਅਧਿਅੈਨ / aDalip Kaur Tiwana ate Ajit Kaur de istari patar /bby Parminder Kaur aਅੰਮ੍ਰਿਤਸਰbਰਵੀ ਸਾਹਿਤ ਪ੍ਰਕਾਸ਼ਨ c2004 aਹਾਲ ਬਾਜ਼ਾਰbਅੰਮ੍ਰਿਤਸਰ a240p.c21cm(pbk) a ਪੰਜਾਬੀ-- ਸਾਹਿਤ aਪੰਜਾਬੀ-- ਕਹਾਣੀਆਂ aPunjabi-- Literature aPunjabi Literature--Fiction